000 00456nam a2200181Ia 4500
001 9691
005 20260306161737.0
008 260306t2014||||xx |||||||||||||| ||spa||
041 _aESP
082 _a394.40985
_bR22
100 _aRamírez León, Luis César
_eAUT
245 0 _ala vara de mando popular y tradicional en el perú
260 _c2014
300 _a308 páginas :
_c22 cm.
650 _aGEN
654 _aCHU
942 _cLIB
_dJUS
_fJUS
_2ddc
_n
999 _c9691
_d9691